00211nam a2200085Ia 4500008004100000100003000041245003300071260001200104260000900116170617s9999 xx 000 0 und d aKar Ashutosh- Sambamurthy 0aPharmaceutical Biotechnology bNew Age c2009